|
|
|
|
| LEADER |
00000cam a2200000 7i4500 |
| 001 |
0000002787 |
| 005 |
20040108.0 |
| 020 |
0 |
0 |
|a 008012120
|
| 090 |
0 |
0 |
|a 581.9093
|b JAM 1967
|
| 100 |
1 |
0 |
|a JAMIESON
|h Barrie G. M.(d)(Barrie Gillean Molyneux)
|
| 245 |
1 |
0 |
|a Tropical plant types
|c by B. G. M. Jamieson and J. F. Reynolds
|
| 260 |
0 |
0 |
|a Oxford; New York :
|b Pergamon Press ,
|c (1967]
|
| 300 |
|
|
|a iii, 347 p. :
|b ill. ;
|c 23 cm.
|
| 500 |
0 |
0 |
|a Includes index
|
| 650 |
0 |
0 |
|a Tropical plants
|
| 700 |
0 |
1 |
|a Reynolds
|h J. F.(d)(John Frank)
|
| 998 |
|
|
|a JPSM
|
| 999 |
|
|
|a 0000003743
|b Monograph
|c Open Shelf
|e Default branch
|